00411cam a2200169ua 450000100060000000800390000604000090004504100120005408200120006610000220007824500140010025000090011426000360012330000160015965300400017570000260021519274130607n2012 II |||gr||||Z||||||eng aMAIN aEnglish a531 SIN aSINGH, BHUPENDRA. aMECHANICS a1ST. aMEERUTbPRAGATI PRAKASHANc2012 a512:c24CM. aClassical mechanics solid mechanics aPUNDIR, DR. SUDHIR K.